| 000 | 02155cam a22002534a 4500 | ||
|---|---|---|---|
| 005 | 20250605164204.0 | ||
| 008 | 250528s ||||||||||||||||||||||||d | ||
| 035 | _a19849 | ||
| 020 | _a9603590061 | ||
| 040 |
_aGR-AtMCL _bgre _dGR-AtMCL _eAACR2 |
||
| 245 | 1 | _aΑγροτική Οικονομική / Θεωρία και Πολιτική | |
| 250 | _a1η | ||
| 260 |
_bΜπένου, _c1996 |
||
| 300 | _a652 | ||
| 520 | _aΠρόλογος, Ζήτηση και Προσφορά και Τιμές, Θεωρία της Ζήτησης, Ειδικά Θέματα Ζήτησης Αγροτικών ΠροΪόντων, Το Οικονομικό Σύστημα Παραγωγής, Θεωρία Παραγωγής και Κόστους, Προσφορά Αγροτικών Προϊόντων και Ζήτηση Εισροών, Διάρθρώσεις Αγορών, Προσφορά Εργασίας και Απασχόληση και Πολυαπασχόληση των Αγροτών, Θεωρεία Εγγείου Προσόδου και η Τιμή της Γεωργικής Γης, Η Αγροτική Πολιτική και η Οικονομική της Ευημερίας, Εναλλακτικές Πολιτικές Παρέμβασης, Κοινή Αγροτική Πολιτική, Διεθνείς Οικονομικές Σχέσεις και Οικονομική Ανάπτυξη, Θεωρία και Πολιτική Διεθνούς Εμπορίου, Διεθνείς Εμπορικές Σχέσεις και Οικονομική Ολοκλήρωση, Αγροτικός Τομέας και Οικονομική Ανάπτυξη, Ελληνική Γεωργία, Ελληνική Γεωργία και Εξέλιξη και Χαρακτηριστικά και Προβλήματα και Θεσμοί, Βιβλιογραφία. | ||
| 700 | 1 |
_aΔαμιανός Δημήτριος _96012 |
|
| 700 | 1 |
_aΚατρανίδης Στυλιανός _96013 |
|
| 700 | 1 |
_aΛιανός Θ _91640 |
|
| 700 | 1 | _aΜεντής Γρήγορης Σπ | |
| 700 | 1 |
_aΝτεμούση Μιχαήλ _96014 |
|
| 942 | _cBK | ||
| 999 |
_c5095 _d5095 |
||